| 000 | 00666 a2200217 4500 | ||
|---|---|---|---|
| 003 | UA-OsUOA | ||
| 005 | 20260507141936.0 | ||
| 008 | 260507b un ||||| |||| 00| 0 ukr d | ||
| 040 |
_aUA-OsUOA _beng _cUA-OsUOA _dUA-OsUOA |
||
| 041 | _aeng | ||
| 080 | _a82-1 | ||
| 090 |
_a82-1 _bY18 |
||
| 100 |
_aYanda D. E. _925194 |
||
| 245 |
_aCanadian Tapestry _bPoems |
||
| 260 |
_bTrident Press Ltd _c1970 _aWinnipeg |
||
| 300 | _a199 p. | ||
| 650 |
_2UDC _a82 Література. Літературознавство _915 |
||
| 942 |
_cBK _2udc |
||
| 955 | _a3 | ||
| 999 |
_c580660 _d580660 |
||